Stranger Things Trivia #W - Statistics

General Stats
  • This quiz has been taken 34 times
  • The average score is 10 of 15
Answer Stats
Hint Answer % Correct
Goes Missing in the very first episode Will Byers
100%
"Name" of the imaginary friend Holly talks to Mr. Whatsit
88%
Actor of Mike (surname) Finn Wolfhard
83%
Elevens favorite food is this type of food Waffles
83%
His mother writes letters on a __ to talk with him Wall
83%
Protagonist Family living in Hawkins Wheeler
83%
How the party communicates when spread out over Hawkins Walkie-Talkie
75%
Arygle likes Weed
71%
Uncle of Eddie Wayne Munson
67%
What Jonathan buys for Nancy and hides in a cassette case Wedding ring
63%
What Dustin calls the Gate that opened up in the Lake Watergate
58%
Lucas' weapon Wrist Rocket
38%
Episode Title of Season 1 Episode 2 Weirdo on Maple Street
33%
Murrays advice to Nancy and Jonathan, concerning both vodka and the news, they want to spread Water it down
29%
One of the bodyguards of Jonathan, Will and Mike; gets shot in the shootout Wallace
4%
No matching quizzes found
Score Distribution
Percent of People with Each Score
Percentile by Number Answered
Your Score History
You have not taken this quiz